Výroba odlievaného obalu zváracieho prúdového zdroja zo silumínu : Diplomová práca

Gespeichert in:
Bibliographische Detailangaben
1. Verfasser: Srnka, Peter, 1981- (Verfasst von)
Weitere Verfasser: Murgaš, Marián, 1945- (xxx)
Format: Manuskript Buch
Sprache:Slowakisch
Veröffentlicht: Trnava : STU v Bratislave MtF KZl, 2006
Schlagworte:
Tags: Tag hinzufügen
Keine Tags, Fügen Sie das erste Tag hinzu!

MARC

LEADER 00000ntm a22000003a 4500
001 stu119961
005 20150617225858.8
008 060606s2006----xo------------------slo-d
040 |a STU  |b slo 
041 0 |a slo 
044 |a xo 
100 1 |a Srnka, Peter,  |d 1981-  |4 aut  |u M4000  |U MTF Materiálovotechnologická fakulta  |T MTF Ústav priemyselného inžinierstva a manažmentu  |X 18302  |U M4000  |Y 84  |7 A000018302 
245 1 |a Výroba odlievaného obalu zváracieho prúdového zdroja zo silumínu :  |b Diplomová práca 
260 |a Trnava :  |b STU v Bratislave MtF KZl,  |c 2006 
300 |a 51 s  |c príl (1 CD) 
650 7 |a technológie strojárskej výroby  |2 stusub 
650 7 |a zlievanie  |2 stusub 
650 7 |a tepelné spracovanie  |2 stusub 
700 1 |a Murgaš, Marián,  |d 1945-  |4 xxx  |u M230  |U MTF Ústav výrobných technológií  |T MTF Katedra zlievarenstva  |X 264  |U M230  |Y M230  |7 A000000264 
996 |b 284M073323  |c M*DP-5988  |l MMSKP  |s P  |a 0  |w stu119961_0001